000 00739nas a2200265 4500
001 BR9802060
003 BR-BrBNA
005 20231205101009.0
007 ta
008 230509b bl.|||p| |||| 00| 00por d
040 _aBR-BrBNA
_bpor
_cBiblioteca Nacional de Agricultura
041 _a(Pt)
072 _aL74; L70
100 1 _aTeixeira, M.W.
100 1 _aSchossler, J.E.
245 1 _aHerniorrafia inguinal em potro neonato
650 _aPotro
650 _aDisturbio Fisiologico
650 _aHernia
650 _aVeterinaria
650 _aCirurgia
773 0 _tCiencia Rural (Brazil)
_xISSN 0103-8478
_g(Jan-Mar 1998), v. 28(1) p. 143-146
_wBR9802060
909 _a202311
_bLúcia
_c55
_dLúcia Elande
942 _2AGRIS
_n0
_cANA
999 _c159225
_d159225